Assessment of the State of Worldwide-Used Intellectual Property in the Industry Specialized Design Activities
Využívanie práv duševného priemyslu vo vybranom odvetví kreatívneho priemyslu - v sektore špecializovaných dizajnérskych činností. Význam práv duševného vlastníctva v globálnom pohľade a základ kreatívneho a kultúrneho priemyslu.
Na minha lista:
| Autor principal: | |
|---|---|
| Formato: | Capítulo de Livro |
| Idioma: | inglês |
| Assuntos: | |
| Tags: |
Sem tags, seja o primeiro a adicionar uma tag!
|
MARC
| LEADER | 00000naa$a2200000$$$4500 | ||
|---|---|---|---|
| 001 | 0281026 | ||
| 005 | 20240502083901.8 | ||
| 041 | 0 | |a eng | |
| 044 | |a FR | ||
| 245 | 1 | 0 | |a Assessment of the State of Worldwide-Used Intellectual Property in the Industry Specialized Design Activities |c Monika Raková |
| 520 | |a Využívanie práv duševného priemyslu vo vybranom odvetví kreatívneho priemyslu - v sektore špecializovaných dizajnérskych činností. Význam práv duševného vlastníctva v globálnom pohľade a základ kreatívneho a kultúrneho priemyslu. | ||
| 610 | 2 | 0 | |a vlastníctvo duševné |
| 610 | 2 | 0 | |a priemysel kreatívny |
| 610 | 2 | 0 | |a dotazníky |
| 100 | 1 | |a Raková, Monika, 1991- | |